[Event "It (cat.6)"]
[Site "masterchessopen.com Moscow (Russia)"]
[Date "2009.07.18"]
[Round "6"]
[White "Belov Igor (RUS)"]
[Black "Kalinichev Andrey (EST)"]
[Result "0-1"]
[WhiteElo "2428"]
[BlackElo "2405"]

1.e4 c5 2.Nf3 e6 3.d4 cxd4 4.Nxd4 Nc6 5.Nc3 Qc7 6.Be3 a6 7.Bd3 Nf6 8.O-O Ne5
9.h3 Bc5 10.f4 d6 11.Qe2 Ng6 12.Nb3 Bxe3+ 13.Qxe3 b5 14.e5 dxe5 15.Bxg6 hxg6
16.fxe5 Nd7 17.Rxf7 Kxf7 18.Qf3+ Nf6 19.Qxa8 Qb6+ 20.Kh2 Ng4+ 21.Kh1 Rxh3+
22.gxh3 Bb7+ {#R} 0-1

[Event "Ch Provincial (final)"]
[Site "masterchessopen.com Habana (Cuba)"]
[Date "2009.10.19"]
[Round "2"]
[White "Gutierrez Delgado Yusuan Alfredo"]
[Black "Machado La Rosa Adrian (CUB)"]
[Result "0-1"]
[WhiteElo "2197"]
[BlackElo "2243"]

1.e4 c5 2.Nf3 e6 3.d4 cxd4 4.Nxd4 Nc6 5.Nc3 Qc7 6.Be3 a6 7.Qd2 Nf6 8.f3 Ne5
9.O-O-O Bb4 10.Nb3 b5 11.Bd4 Be7 12.Qf2 d6 13.g4 O-O 14.Kb1 Bb7 15.g5 Nfd7
16.Rg1 b4 17.Ne2 Rfc8 18.Ng3 a5 19.Bb5 a4 20.Nc1 Bc6 21.Bxc6 Nxc6 22.Be3 b3
23.cxb3 axb3 24.Nxb3 Qb7 25.Rc1 Qa6 {#R} 0-1

[Event "Ch Brazil (1/2 final)"]
[Site "masterchessopen.com Vitoria (Brazil)"]
[Round "2"]
[White "Paiva Pedro Henrique (BRA)"]
[Black "Rocha Wellington Carlos (BRA)"]
[Result "1-0"]
[WhiteElo "2118"]
[BlackElo "2439"]

1.e4 c5 2.Nf3 e6 3.d4 cxd4 4.Nxd4 Nc6 5.Nc3 a6 6.Be3 Qc7 7.Bd3 Nf6 8.O-O Ne5
9.h3 Bc5 10.Kh1 d6 11.Qe2 O-O 12.Rad1 b5 13.f4 Ng6 14.Qf2 b4 15.Nce2 Qb6 16.c4
Bb7 17.f5 Ne5 18.Qh4 Nxd3 19.Rxd3 Kh8 20.Ng3 Rae8 21.e5 dxe5 22.Bg5 exd4
23.Bxf6 exf5 24.Nh5 Rg8 25.Nxg7 {#r} 1-0

[Event "Ch World (juniors) (under 16) (g)"]
[Site "masterchessopen.com Kemer (Turkey)"]
[Date "2009.11.14"]
[Round "3"]
[White "Dizdarevic Barbara (SRB)"]
[Black "Miladinovic Lena (SRB)"]
[Result "1-0"]
[WhiteElo "1869"]
[BlackElo "2026"]

1.e4 c5 2.Nf3 e6 3.d4 cxd4 4.Nxd4 Nc6 5.Nc3 Qc7 6.Be3 a6 7.Qd2 Nf6 8.f3 Bb4
9.O-O-O b5 10.Bf4 e5 11.Nxc6 Qxc6 12.Kb1 Be7 13.Nd5 Bd8 14.h3 O-O 15.Qa5 Bxa5
16.Ne7+ {#r} 1-0

[Event "Ch World (juniors) (under 10)"]
[Site "masterchessopen.com Kemer (Turkey)"]
[Date "2009.11.18"]
[Round "7"]
[White "Rambaldi Francesco"]
[Black "Kudelya Igor (RUS)"]
[Result "1-0"]
[WhiteElo "1770"]
[BlackElo "1974"]

1.e4 c5 2.Nf3 Nc6 3.d4 cxd4 4.Nxd4 Qc7 5.Nc3 e6 6.Be3 a6 7.Qd2 Nf6 8.O-O-O Bb4
9.f3 Ne7 10.Nde2 d5 11.Bg5 Bd7 12.Bxf6 gxf6 13.Qf4 {#r} 1-0

[Event "Ch World (juniors) (under 16) (g)"]
[Site "masterchessopen.com Kemer (Turkey)"]
[Date "2009.11.18"]
[Round "7"]
[White "Bauer Marie-Christine (AUT)"]
[Black "Miladinovic Lena (SRB)"]
[Result "0-1"]
[WhiteElo "1910"]
[BlackElo "2026"]

1.e4 c5 2.Nf3 e6 3.d4 cxd4 4.Nxd4 Nc6 5.Nc3 Qc7 6.Be3 a6 7.Qd2 Nf6 8.O-O-O Bb4
9.f3 O-O 10.g4 b5 11.g5 Ne8 12.Nxc6 dxc6 13.h4 e5 14.h5 Be6 15.g6 Qa5 16.gxh7+
Kxh7 17.Bh3 Bxh3 18.Rxh3 Nd6 19.Rg1 Bxc3 20.bxc3 Qxa2 21.Qxd6 Qa1+ {#R} 0-1

[Event "It (open) \"]
[Site "masterchessopen.com Belgrade (Serbia)"]
[Date "2009.12.01"]
[Round "8"]
[White "Nestorovic D Nikola (SRB)"]
[Black "Rajkovic Dusan (SRB)"]
[Result "1-0"]
[WhiteElo "2410"]
[BlackElo "2477"]

1.e4 c5 2.Nf3 e6 3.d4 cxd4 4.Nxd4 Nc6 5.Nc3 Qc7 6.Be3 a6 7.Qd2 Nf6 8.O-O-O Be7
9.f3 O-O 10.g4 b5 11.g5 Ne8 12.Nxc6 dxc6 13.h4 e5 14.h5 Qa5 15.Qf2 Rb8 16.Kb1
Nd6 17.g6 Be6 18.h6 fxg6 19.hxg7 b4 20.Qh2 h5 21.gxf8=Q+ Bxf8 22.Nd5 Bg7
23.Qg1 {#r} 1-0

[Event "Ch Germany (juniors) (club) (under 12)"]
[Site "masterchessopen.com Arendsee (Germany)"]
[Date "2009.12.28"]
[Round "3"]
[White "Imcke Patrick (GER)"]
[Black "Grigorian Spartak (GER)"]
[Result "0-1"]
[WhiteElo "1681"]
[BlackElo "1762"]

1.e4 c5 2.Nf3 Nc6 3.d4 cxd4 4.Nxd4 e6 5.Nc3 Qc7 6.Be3 a6 7.f4 d6 8.Be2 Bd7
9.Qd2 Nf6 10.O-O Be7 11.Rae1 b5 12.Bf3 Rc8 13.e5 dxe5 14.Nxc6 Bxc6 15.Bxc6+
Qxc6 16.fxe5 Ng4 17.Bg5 Bxg5 18.Qxg5 Qc5+ 19.Kh1 Nf2+ 20.Rxf2 O-O {#R} 0-1

[Event "Ch Chess Club (1/2 final)"]
[Site "masterchessopen.com Cheliabinsk (Russia)"]
[Round "2"]
[White "Davletshin Nail (RUS)"]
[Black "Rodionov Nikolai (RUS)"]
[Result "0-1"]
[WhiteElo "1781"]
[BlackElo "1772"]

1.e4 c5 2.Nf3 e6 3.d4 cxd4 4.Nxd4 Nc6 5.Be3 a6 6.Nc3 Qc7 7.Qd2 Nf6 8.Be2 d6
9.O-O-O Be7 10.g4 Ne5 11.g5 Nfd7 12.f4 Nc4 13.Bxc4 Qxc4 14.Kb1 b5 15.b3 Qc7
16.f5 Nc5 17.fxe6 Bxe6 18.Nf5 Bxf5 19.Nd5 Qb7 20.exf5 Ne4 21.Qg2 Nc3+ 22.Ka1
Nxd1 23.Nf6+ Bxf6+ {#R} 0-1

[Event "Ch Germany (juniors) (Internet) (under 25) (qual1)"]
[Site "masterchessopen.com Internet"]
[Date "2010.06.02"]
[Round "1"]
[White "Arnold Max (GER)"]
[Black "Grimberg Boris (GER)"]
[Result "0-1"]
[WhiteElo "1950"]
[BlackElo "2355"]

1.e4 c5 2.Nf3 e6 3.d4 cxd4 4.Nxd4 Nc6 5.Nc3 Qc7 6.Be3 a6 7.Bd3 Nf6 8.O-O h5
9.Qe2 Ng4 10.Nxc6 Qxh2# 0-1

[Event "Tournament (open)"]
[Site "masterchessopen.com Salou (Spain)"]
[Date "2010.06.16"]
[Round "4"]
[White "Arranz Fraile Javier (ESP)"]
[Black "Menendez Solar Jose Carlos (ESP)"]
[Result "0-1"]
[WhiteElo "1654"]
[BlackElo "1877"]

1.e4 e6 2.Nf3 c5 3.d4 cxd4 4.Nxd4 a6 5.Nc3 Nc6 6.Be3 Qc7 7.Nxc6 bxc6 8.Qd2 Nf6
9.f3 d5 10.Bd3 Bd6 11.g3 O-O 12.Ne2 c5 13.c3 dxe4 14.fxe4 Rd8 15.Qc2 c4
16.Bxc4 Qxc4 17.Rd1 Nxe4 18.Bf4 Bb7 19.O-O Bc5+ {#R} 0-1

[Event "Ch Greece (juniors) (under 16)"]
[Site "masterchessopen.com Kallithea (Greece)"]
[Date "2010.06.27"]
[Round "2"]
[White "Bellos Ioannis (GRE)"]
[Black "Kafetzis Georgios (GRE)"]
[Result "1-0"]
[WhiteElo "1945"]
[BlackElo "1952"]

1.e4 c5 2.Nf3 e6 3.d4 cxd4 4.Nxd4 Nc6 5.Nc3 Qc7 6.Be3 a6 7.Bd3 Nf6 8.O-O Nxd4
9.Bxd4 Bc5 10.Bxc5 Qxc5 11.Kh1 h5 12.Qd2 d6 13.f4 Kf8 14.Rae1 e5 15.Nd5 Ng4
16.b4 Qc6 17.h3 Nh6 18.fxe5 dxe5 19.Qg5 Qd6 20.Be2 h4 21.Rd1 Be6 22.Nf4 {#r}
1-0

[Event "Memorial Karl Mala (open)"]
[Site "masterchessopen.com Frankfurt (Germany)"]
[Date "2010.07.08"]
[Round "1"]
[White "Chapman Alan (ENG)"]
[Black "Neitzert Volker"]
[Result "1-0"]
[WhiteElo "2078"]
[BlackElo "1759"]

1.e4 c5 2.Nf3 e6 3.d4 cxd4 4.Nxd4 Nc6 5.Nc3 a6 6.Be3 Qc7 7.Bd3 Bb4 8.O-O Nf6
9.Kh1 O-O 10.f4 d5 11.e5 Nd7 12.Qh5 g6 13.Qh6 Nxd4 14.Bxd4 Bc5 15.f5 exf5
16.Nxd5 {#r} 1-0

[Event "It (open)"]
[Site "masterchessopen.com Bergamo (Italy)"]
[Date "2010.07.17"]
[Round "3"]
[White "Solodovnichenko Yuri (UKR)"]
[Black "Tesic Dragan (SRB)"]
[Result "1-0"]
[WhiteElo "2559"]
[BlackElo "2372"]

1.e4 c5 2.Nf3 e6 3.d4 cxd4 4.Nxd4 Nc6 5.Nc3 a6 6.Be3 Qc7 7.Qd2 Nf6 8.O-O-O Bb4
9.f3 Ne5 10.Nb3 b5 11.Qe1 Nc4 12.Bd4 e5 13.Qg3 Nh5 14.Nd5 Nxg3 15.Nxc7+ Kd8
16.Nxa8 Nxh1 17.Bg1 Be1 18.Bxc4 bxc4 19.Bb6+ Ke8 20.Na5 {#r} 1-0

[Event "It (open)"]
[Site "masterchessopen.com Gdansk (Poland)"]
[Date "2010.07.23"]
[Round "8"]
[White "Szymanowski Igor (POL)"]
[Black "Walczak Michal"]
[Result "0-1"]
[WhiteElo "1421"]
[BlackElo "1768"]

1.e4 c5 2.Nf3 e6 3.d4 cxd4 4.Nxd4 a6 5.Nc3 Qc7 6.Be3 Nc6 7.Qd2 Nf6 8.f3 b5
9.O-O-O Be7 10.g4 d6 11.h4 Nxd4 12.Bxd4 b4 13.Ne2 e5 14.Be3 Be6 15.Qxb4 O-O
16.a3 d5 17.Qb6 Qxb6 18.Bxb6 dxe4 19.fxe4 Bxg4 20.Bc7 Nxe4 21.Bxe5 Nf2 22.Rg1
f6 23.Rd7 Bxd7 {#R} 0-1

[Event "Tournament (open)"]
[Site "masterchessopen.com Medellin (Colombia)"]
[Date "2010.08.04"]
[Round "1"]
[White "Castro Oscar H (COL)"]
[Black "Kostov Alex (COL)"]
[Result "1-0"]
[WhiteElo "2373"]
[BlackElo "2055"]

1.e4 c5 2.Nf3 Nc6 3.d4 cxd4 4.Nxd4 Qc7 5.Nc3 e6 6.Be3 a6 7.Bd3 Nf6 8.O-O Bb4
9.f4 Nxd4 10.Bxd4 Bc5 11.Be2 d6 12.Kh1 h5 13.e5 Nd7 14.Bxc5 dxc5 15.Ne4 g6
16.Rf3 b5 17.Rd3 Ra7 18.Qd2 Kf8 19.Rd1 Kg7 20.Nf6 Nxe5 21.fxe5 Qxe5 22.Rf1
{#r} 1-0

[Event "Ch Serbia (team) (w)"]
[Site "masterchessopen.com Novi Sad (Serbia)"]
[Date "2010.08.27"]
[Round "5"]
[White "Markovic Tamara (SRB)"]
[Black "Djukic Sandra (SRB)"]
[Result "0-1"]
[WhiteElo "1837"]
[BlackElo "2198"]

1.e4 c5 2.Nf3 e6 3.d4 cxd4 4.Nxd4 a6 5.Nc3 Qc7 6.Be3 Nc6 7.f3 Nf6 8.Qd2 b5
9.O-O-O Bb7 10.Nb3 Be7 11.g4 Ne5 12.Bf4 d6 13.Qf2 Rc8 14.Bd3 Nfd7 15.Be3 b4
16.Na4 Qc6 17.Nb6 Nxb6 18.Bxb6 Bh4 19.Na5 Bxf2 20.Nxc6 Bxb6 21.Nxb4 a5 22.Bb5+
Ke7 23.Nd3 Nxf3 {#R} 0-1

[Event "Cup Governor's (open)"]
[Site "masterchessopen.com Khanty Mansyisk (Russia)"]
[Date "2010.09.17"]
[Round "1"]
[White "Ponkratov Pavel (RUS)"]
[Black "Matsenko Andrei (RUS)"]
[Result "1-0"]
[WhiteElo "2592"]
[BlackElo "2079"]

1.e4 c5 2.Nf3 Nc6 3.d4 cxd4 4.Nxd4 Qc7 5.Nc3 e6 6.Be3 a6 7.g4 Bb4 8.Nxc6 Bxc3+
9.bxc3 dxc6 10.Bc5 Nf6 11.f3 h5 12.g5 Nd7 13.Bd6 Qa5 14.Qd2 Ne5 15.Be2 Bd7
16.Rb1 O-O-O 17.Qd4 {#r} 1-0

[Event "Memorial Ipavec (open)"]
[Site "masterchessopen.com Sentjur (Slovenia)"]
[Date "2010.09.17"]
[Round "1"]
[White "Opalic David"]
[Black "Debevec Blaz (SLO)"]
[Result "0-1"]
[WhiteElo "1501"]
[BlackElo "2010"]

1.e4 e6 2.d4 c5 3.Nf3 cxd4 4.Nxd4 Nc6 5.Nc3 a6 6.Be3 Qc7 7.Bc4 Nf6 8.Bb3 Bb4
9.f3 O-O 10.Qd2 b5 11.a3 Be7 12.O-O-O b4 13.axb4 Bxb4 14.g4 Na5 15.Qd3 Bxc3
16.Qxc3 Qxc3 17.bxc3 Bb7 18.Ne2 d5 19.exd5 Nxd5 20.Bd4 Rac8 21.Rhf1 e5 22.Bxe5
Ne3 23.f4 Nxd1 24.Kxd1 {#R} 0-1

[Event "Tournament (open)"]
[Site "masterchessopen.com Cheste (Spain)"]
[Date "2010.10.07"]
[Round "1"]
[White "Sanchez Jerez Emilio (ESP)"]
[Black "Fuset Torralba Jose Luis (ESP)"]
[Result "1-0"]
[WhiteElo "2282"]
[BlackElo "1839"]

1.e4 c5 2.Nc3 e6 3.Nf3 Nc6 4.d4 cxd4 5.Nxd4 Qc7 6.Be3 a6 7.g4 h6 8.Bg2 Bd6
9.h4 b5 10.Qd2 Rb8 11.Nxc6 dxc6 12.O-O-O Bf8 13.Bf4 Qb6 14.Bxb8 {#r} 1-0

[Event "Tournament (Elo)"]
[Site "masterchessopen.com Bogota (Colombia)"]
[Round "8"]
[White "Moreno Esteban Javier"]
[Black "Parra Diego Alexander (COL)"]
[Result "0-1"]
[WhiteElo "1735"]
[BlackElo "1837"]

1.e4 c5 2.Nf3 e6 3.d4 cxd4 4.Nxd4 a6 5.Nc3 Qc7 6.Be3 Nc6 7.Nf3 b5 8.Bd3 Bb7
9.O-O Nf6 10.Qd2 Be7 11.Rad1 Ne5 12.Nxe5 Qxe5 13.Bf4 Qh5 14.Be2 Qg6 15.h4 d5
16.e5 d4 17.Nxb5 Qxg2# 0-1

[Event "Cup Russia (team)"]
[Site "masterchessopen.com Izhevsk (Russia)"]
[Date "2010.11.24"]
[Round "5"]
[White "Rozhkova Olga (RUS)"]
[Black "Rassokhina Ekaterina (RUS)"]
[Result "0-1"]
[WhiteElo "2078"]
[BlackElo "2080"]

1.e4 c5 2.Nf3 e6 3.d4 cxd4 4.Nxd4 Nc6 5.Nc3 a6 6.Be3 Qc7 7.Nxc6 bxc6 8.Bd3 d5
9.O-O Bb7 10.exd5 cxd5 11.Bd4 Nf6 12.Bxf6 gxf6 13.Qe2 Bd6 14.h3 Ke7 15.Rad1
Rhg8 16.Bf5 d4 17.Ne4 Rxg2+ 18.Kxg2 exf5 19.f3 fxe4 20.fxe4 Rg8+ 21.Kh1 Rg3
22.Rd3 Re3 23.Rxe3 dxe3 24.Qxe3 Qxc2 25.Rf2 Qxe4+ {#R} 0-1

[Event "It (open)"]
[Site "masterchessopen.com Robecchetto (Italy)"]
[Date "2010.12.29"]
[Round "4"]
[White "Attuati Stefano (ITA)"]
[Black "Raselli Claudio (ITA)"]
[Result "1-0"]
[WhiteElo "1930"]
[BlackElo "1961"]

1.e4 c5 2.Nf3 Nc6 3.d4 cxd4 4.Nxd4 e6 5.Nc3 a6 6.Be3 Qc7 7.f4 Nxd4 8.Qxd4 Nf6
9.Be2 d6 10.O-O Be7 11.a4 O-O 12.a5 e5 13.Qd1 Be6 14.f5 Bc4 15.g4 h6 16.h4 Qc6
17.Bxc4 Qxc4 18.Ra4 Qc6 19.g5 hxg5 20.hxg5 Nh7 21.Qh5 Qd7 22.Rf2 g6 23.Qh6 f6
24.fxg6 {#r} 1-0

[Event "Ch Poland (juniors) (under 16) (g)"]
[Site "masterchessopen.com Murzasichle (Poland)"]
[Date "2011.03.06"]
[Round "2"]
[White "Delekta Anna (POL)"]
[Black "Iwanow Anna (POL)"]
[Result "0-1"]
[WhiteElo "1724"]
[BlackElo "2191"]

1.e4 c5 2.Nf3 e6 3.d4 cxd4 4.Nxd4 Nc6 5.Nc3 Qc7 6.Be3 a6 7.Qd2 Nf6 8.Nxc6 bxc6
9.a3 Rb8 10.b4 c5 11.b5 axb5 12.Nxb5 Qc6 13.Qa5 Be7 14.Nc7+ Kf8 15.Bb5 Qxe4
16.O-O-O Qe5 17.Kd2 Ne4+ 18.Ke1 Rb7 19.Rxd7 Qc3+ 20.Qxc3 Nxc3 21.Rd3 Nxb5
22.Bxc5 Nxc7 23.Rd8+ Ne8 {#R} 0-1

[Event "Czech League 2010/11 (1st) (juniors)"]
[Site "masterchessopen.com Czech Republic"]
[Date "2011.04.16"]
[Round "9"]
[White "Zeglitz Michal"]
[Black "Vesely Vitek"]
[Result "0-1"]
[WhiteElo "1453"]
[BlackElo "1610"]

1.e4 c5 2.Nf3 Nc6 3.d4 cxd4 4.Nxd4 e6 5.Nc3 a6 6.Be3 Qc7 7.f3 Nf6 8.a3 b5
9.Bd3 Be7 10.Qd2 d6 11.Nxc6 Qxc6 12.Bg5 Bb7 13.O-O-O O-O 14.g4 Rac8 15.h4 Qc7
16.Rhg1 d5 17.Bf4 e5 18.Bg5 d4 19.Ne2 Qb6 20.Ng3 b4 21.Bxf6 bxa3 22.bxa3 Bxa3#
0-1

[Event "Ch France (juniors) (under 16) (g)"]
[Site "masterchessopen.com Montlucon (France)"]
[Date "2011.04.20"]
[Round "5"]
[White "Rouzes Sibylle-Anne (FRA)"]
[Black "Fischer Julie (FRA)"]
[Result "0-1"]
[WhiteElo "1597"]
[BlackElo "1852"]

1.e4 c5 2.Nf3 e6 3.d4 cxd4 4.Nxd4 Nc6 5.Nc3 Qc7 6.Be3 a6 7.Bd3 Nf6 8.O-O Ne5
9.f4 Neg4 10.Bd2 Bc5 11.Ne2 e5 12.fxe5 Qxe5 13.Bf4 Bxd4+ 14.Nxd4 Qxd4+ 15.Kh1
Nf2+ 16.Rxf2 Qxf2 17.Bd6 b5 18.e5 Bb7 19.Bf1 Nd5 {#R} 0-1

[Event "Tournament \"]
[Site "masterchessopen.com Greece"]
[Date "2011.04.29"]
[Round "2"]
[White "Georgopoulou Eytyhia (GRE)"]
[Black "Kserokasitis Ioannis (GRE)"]
[Result "0-1"]
[WhiteElo "1638"]
[BlackElo "1859"]

1.e4 c5 2.Nf3 e6 3.d4 cxd4 4.Nxd4 a6 5.Nc3 Nc6 6.Be3 Qc7 7.a3 b5 8.Bd3 Nf6
9.f4 Bb7 10.Qd2 Ng4 11.Bg1 Be7 12.h3 Bh4+ 13.Ke2 Nf6 14.Nf3 Bg3 15.e5 Nxe5
16.fxe5 Nh5 17.Qg5 g6 18.Ne4 Nf4+ 19.Kf1 Bxe4 20.Bxe4 Qc4+ 21.Bd3 Nxd3 22.Qxg3
Nf4+ 23.Ke1 {#R} 0-1

[Event "Tournament \"]
[Site "masterchessopen.com Madrid (Spain)"]
[Date "2011.05.22"]
[Round "8"]
[White "Perez Perez Elena (ESP)"]
[Black "Sanjuan Antunez Juan De Dios (ESP)"]
[Result "1-0"]
[WhiteElo "1630"]
[BlackElo "1667"]

1.e4 c5 2.Nf3 Nc6 3.d4 cxd4 4.Nxd4 e6 5.Nc3 Qc7 6.Be3 a6 7.Nxc6 bxc6 8.Bd3 d5
9.O-O Nf6 10.f4 e5 11.exd5 Ng4 12.Qf3 cxd5 13.Nxd5 Qc6 14.Nf6+ Qxf6 15.Qxa8
Qd8 16.Rfe1 Nxe3 17.Rxe3 Qc7 18.Rxe5+ Be7 19.Rae1 O-O 20.Rxe7 Qb6+ 21.Kh1 Be6
22.Re8 {#r} 1-0

[Event "It (open) \"]
[Site "masterchessopen.com Augustow (Poland)"]
[Date "2011.05.30"]
[Round "1"]
[White "Laszewicz Pawel (POL)"]
[Black "Sobaniec Dominik (POL)"]
[Result "1-0"]
[WhiteElo "2221"]
[BlackElo "1859"]

1.e4 c5 2.Nf3 e6 3.d4 cxd4 4.Nxd4 Nc6 5.Nc3 Qc7 6.Be3 a6 7.Qd2 Nf6 8.f3 Bb4
9.O-O-O d5 10.a3 Ba5 11.Nb3 dxe4 12.Nxa5 Nxa5 13.Bf4 Qe7 14.Nxe4 Nxe4 15.Qxa5
Nf6 16.Bd6 {#r} 1-0

[Event "Memorial L.Polugaevsky (open)"]
[Site "masterchessopen.com Samara (Russia)"]
[Date "2011.07.05"]
[Round "1"]
[White "Gabrielian Artur (RUS)"]
[Black "Matsenko Andrei (RUS)"]
[Result "1-0"]
[WhiteElo "2531"]
[BlackElo "2116"]

1.e4 c5 2.Nf3 Nc6 3.d4 cxd4 4.Nxd4 Qc7 5.Nc3 e6 6.Be3 a6 7.Qd2 Nf6 8.O-O-O Bb4
9.f3 b5 10.Nb3 Ne5 11.Qe1 Nc4 12.Bd4 e5 13.Qg3 Qd6 14.Bc5 Nh5 15.Qg5 Bxc5
16.Bxc4 Bd4 17.Nxd4 exd4 18.Bxf7+ Kxf7 19.Qxh5+ {#r} 1-0

[Event "It (open)"]
[Site "masterchessopen.com Porto San Giorgio (Italy)"]
[Date "2011.08.28"]
[Round "9"]
[White "D'Aquino Ugo"]
[Black "Bardone Lorenzo"]
[Result "0-1"]
[WhiteElo "1925"]
[BlackElo "1775"]

1.e4 c5 2.Nf3 e6 3.d4 cxd4 4.Nxd4 Nc6 5.Nc3 Qc7 6.Be3 a6 7.Bd3 b5 8.Nxc6 Qxc6
9.O-O Bb7 10.Re1 Ne7 11.a3 Nf5 12.Bf4 Bc5 13.Qg4 h5 14.Qg5 Be7 15.Qxf5 exf5
16.Nd5 Rc8 17.Rad1 Kf8 {#R} 0-1

[Event "Bundesliga (2nd) 2011/12 (w)"]
[Site "masterchessopen.com Germany"]
[Date "2011.10.29"]
[Round "1"]
[White "Beltz Franziska (GER)"]
[Black "Bea Boglarka (HUN)"]
[Result "1-0"]
[WhiteElo "2100"]
[BlackElo "2116"]

1.e4 c5 2.Nf3 e6 3.d4 cxd4 4.Nxd4 Nc6 5.Nc3 Qc7 6.Be3 a6 7.Qd2 Nf6 8.O-O-O Bb4
9.f3 d5 10.a3 Bxc3 11.Qxc3 dxe4 12.Nxc6 Qxc6 13.Qe5 exf3 14.Bg5 Bd7 15.Bxf6
Rc8 16.Rd2 gxf6 17.Qxf6 Rg8 18.gxf3 Qc5 19.Bd3 Ba4 20.Rhd1 Qg5 21.Qd4 Bc6
22.Bxh7 e5 23.Qd6 Rg7 24.Re1 {#r} 1-0

[Event "It (open)"]
[Site "masterchessopen.com Marseilles (France)"]
[Date "2011.12.26"]
[Round "1"]
[White "Ouahhoud Yassine"]
[Black "Devoille Hugo (FRA)"]
[Result "0-1"]
[WhiteElo "1370"]
[BlackElo "1845"]

1.e4 c5 2.Nf3 e6 3.d4 cxd4 4.Nxd4 Nc6 5.Nc3 Qc7 6.Be3 a6 7.Qd2 Nf6 8.f4 Bb4
9.Bd3 O-O 10.O-O-O Ng4 11.h3 Nxe3 12.Qxe3 Nxd4 13.Qxd4 Bc5 14.Qc4 b5 15.Qb3
Be3+ 16.Kb1 Bxf4 17.Ne2 Be5 18.g4 Bb7 19.Rhg1 d5 20.Qb4 Bd6 21.Qd4 Bc5 22.Qc3
dxe4 23.Bxe4 Bxe4 {#R} 0-1

[Event "Tournament (team) \"]
[Site "masterchessopen.com Las Palmas (Spain)"]
[Date "2012.02.04"]
[Round "8"]
[White "Menvielle Lacourrelle August (ESP)"]
[Black "Garcia Blanco Omar (ESP)"]
[Result "0-1"]
[WhiteElo "2261"]
[BlackElo "2204"]

1.e4 c5 2.Nf3 e6 3.d4 cxd4 4.Nxd4 Nc6 5.Nc3 Qc7 6.Be3 a6 7.Qd2 Nf6 8.f3 Bb4
9.g4 h6 10.a3 Be7 11.O-O-O b5 12.Nxc6 dxc6 13.h4 Rb8 14.Be2 b4 15.Nb1 c5 16.g5
Nd7 17.gxh6 gxh6 18.Bf4 e5 19.Bxh6 bxa3 {#R} 0-1

[Event "Czech League 2011/12 (2nd) (b)"]
[Site "masterchessopen.com Czech Republic"]
[Date "2012.03.04"]
[Round "9"]
[White "Stockova Zuzana (SVK)"]
[Black "Svoboda Vaclav (CZE)"]
[Result "0-1"]
[WhiteElo "2360"]
[BlackElo "2328"]

1.e4 c5 2.Nf3 Nc6 3.d4 cxd4 4.Nxd4 Qc7 5.Nc3 e6 6.Be3 a6 7.Bd3 Nf6 8.O-O Ne5
9.h3 Bc5 10.f4 Nc6 11.e5 Nxe5 12.fxe5 Qxe5 13.Qd2 Bxd4 14.Rae1 Bxe3+ 15.Rxe3
Qc5 16.Kh1 Nd5 17.Nxd5 Qxd5 18.Rg3 g6 19.Qc3 O-O 20.Qf6 Qh5 21.Qf4 f6 22.Rgf3
b5 23.Qc7 Qg5 24.Rxf6 Rxf6 25.Qd8+ Kf7 {#R} 0-1

[Event "Memorial Pedro Lezcano Montalvo"]
[Site "masterchessopen.com Gran Canarian (Spain)"]
[Date "2012.03.09"]
[Round "2"]
[White "Menvielle Lacourrelle August (ESP)"]
[Black "Herrera Reyes Jose Antonio (ESP)"]
[Result "0-1"]
[WhiteElo "2232"]
[BlackElo "2220"]

1.e4 c5 2.Nf3 e6 3.d4 cxd4 4.Nxd4 Nc6 5.Nc3 Qc7 6.Be3 a6 7.Qd2 Nf6 8.O-O-O Bb4
9.f3 O-O 10.g4 b5 11.g5 Ne8 12.Nb3 Ne5 13.f4 Nc4 14.Bxc4 bxc4 15.Qd4 Bxc3
16.Qxc3 cxb3 {#R} 0-1

[Event "Ch England (team) 2011/12 (3 div)"]
[Site "masterchessopen.com England"]
[Date "2012.04.01"]
[Round "8"]
[White "Jones Victor G L (ENG)"]
[Black "Navarro Cia Miguel (ESP)"]
[Result "1-0"]
[WhiteElo "2207"]
[BlackElo "2319"]

1.e4 c5 2.Nf3 e6 3.d4 cxd4 4.Nxd4 Nc6 5.Nc3 Qc7 6.Be3 a6 7.Qd2 Nf6 8.O-O-O
Nxd4 9.Qxd4 Ng4 10.Qb6 Qc6 11.Bd4 e5 12.Be3 Nxe3 13.Qxe3 Be7 14.Nd5 Bd8 15.Qg3
Qh6+ 16.Kb1 d6 17.f4 exf4 18.Nxf4 O-O 19.Be2 b5 20.Rd3 f5 21.Nh5 fxe4 22.Rxd6
Qg5 23.Rxd8 {#r} 1-0

[Event "Ch Austria (juniors) (under 16) (g)"]
[Site "masterchessopen.com Untersiebenbrunn (Austria)"]
[Date "2012.04.01"]
[Round "2"]
[White "Lasinger Melanie"]
[Black "Panzenboeck Sophie"]
[Result "1-0"]
[WhiteElo "1604"]
[BlackElo "1482"]

1.e4 c5 2.Nf3 e6 3.d4 cxd4 4.Nxd4 Nc6 5.Be3 a6 6.Nc3 Qc7 7.f3 Nf6 8.Qd2 Bb4
9.a3 Bc5 10.Nxe6 dxe6 11.Bxc5 b6 12.Bd6 Qd7 13.e5 Ng8 14.f4 Nge7 15.g4 Bb7
16.Rg1 h6 17.O-O-O b5 18.Bg2 Na5 19.Ne4 Rc8 20.Qxa5 h5 21.Bxe7 Qxe7 22.Nd6+
{#r} 1-0

[Event "Ch Attica (juniors) (under 08 -16)"]
[Site "masterchessopen.com Peristeri (Greece)"]
[Date "2012.04.22"]
[Round "7"]
[White "Pramateftaki Aspasia"]
[Black "Liapi Zenebisi Filippa Areti"]
[Result "1-0"]
[WhiteElo "1390"]
[BlackElo "1471"]

1.e4 c5 2.Nf3 e6 3.d4 cxd4 4.Nxd4 Nc6 5.Be3 Qc7 6.Nc3 a6 7.a3 b5 8.b4 Nf6 9.f3
Bd6 10.Ndxb5 axb5 11.Nxb5 Bxb4+ 12.axb4 Qe5 13.Rxa8 O-O 14.Qd6 Qxd6 15.Nxd6
Ne7 16.Nxc8 Nxc8 17.Ba6 Ne7 18.Rxf8+ Kxf8 19.Bc5 Ke8 20.Bxe7 Kxe7 21.b5 Ne8
22.b6 Nd6 23.e5 {#r} 1-0